A comparative study of several methods of assessing item bias /

Bibliographic Details
Main Author: Ironson, Gail Hilarie, 1950-
Format: Thesis Book
Language:English
Published: Madison, Wis. : University of Wisconsin, 1977.
Subjects:

MARC

Tag First Indicator Second Indicator Subfields
LEADER 00000cam a2200000 i 4500
001 in00000010025
005 20151006060019.0
008 780320s1977 wiu b 00010 eng d
035 |a (OCoLC)03732995 
035 |9 AAA2215AM 
040 |a GZM  |c GZM  |d TXA  |d UtOrBLW 
049 |a TXAM  |c [A09967345] 
050 4 |a LB3060.62  |b .I76 
100 1 |a Ironson, Gail Hilarie,  |d 1950- 
245 1 2 |a A comparative study of several methods of assessing item bias /  |c by Gail Hilarie Ironson. 
264 1 |a Madison, Wis. :  |b University of Wisconsin,  |c 1977. 
300 |a ix, 98 leaves ;  |c 29 cm. 
336 |a text  |b txt  |2 rdacontent 
337 |a unmediated  |b n  |2 rdamedia 
338 |a volume  |b nc  |2 rdacarrier 
502 |b Ph. D.  |c University of Wisconsin-Madison  |d 1977. 
500 |a Vita. 
504 |a Bibliography: leaves 82-85. 
533 |a Photocopy.  |b Ann Arbor, Mich. :  |c University Microfilms International,  |d 1978. 
650 0 |a Test bias. 
650 0 |a Educational tests and measurements. 
999 |a MARS 
999 f f |s de5400e3-1d4c-3f17-b6ef-8b3635036dce  |i 80c50064-15a0-34f0-939e-cc841ac00217  |t 0 
952 f f |p normal  |a Texas A&M University  |b College Station  |c Sterling C. Evans Library  |d Evans: Library Stacks  |t 0  |e LB3060.62 .I76  |h Library of Congress classification  |i unmediated -- volume  |m A14809967345 
998 f f |a LB3060.62 .I76  |t 0  |l Evans: Library Stacks